Langit di tebing sungai (Tamil)

Bibliographic Details
Main Author: Vairamuthu
Format: Book
Published: Chennai : Surya , 2004
Subjects:

MARC

LEADER 00000cam a2200000 7i4500
001 0000021929
005 20160330.0
008 080724
020 |a RM7.50 
090 0 0 |a 808.8194811   |b VAI 
100 1 |a Vairamuthu 
245 1 0 |a Langit di tebing sungai (Tamil)   |c Vairamuthu 
260 |a Chennai :   |b Surya ,   |c 2004 
500 |a Teenager ages 13-18 years old (blue) 
650 0 |a Poetry   |x collections 
650 0 |a Tamil poetry   |x collections 
999 |a 0001033342   |b Book   |c Tamil Collection   |e Cawangan Taman Sri Lambak 
999 |a 0001033343   |b Book   |c Tamil Collection   |e Cawangan Bandar Penawar 
999 |a 0001033345   |b Book   |c Tamil Collection   |e Perbadanan Perpustakaan Awam Johor